How Tiger got his stripes : (Record no. 9064)

MARC details
000 -LEADER
fixed length control field 01326cam a2200397 a 4500
001 - CONTROL NUMBER
control field 9064
003 - CONTROL NUMBER IDENTIFIER
control field FISKH
005 - DATE AND TIME OF LATEST TRANSACTION
control field 20251118141613.0
008 - FIXED-LENGTH DATA ELEMENTS--GENERAL INFORMATION
fixed length control field 051028s2006 gaua b 000 0 eng
010 ## - LIBRARY OF CONGRESS CONTROL NUMBER
LC control number 2005057022
020 ## - INTERNATIONAL STANDARD BOOK NUMBER
International Standard Book Number 9780874837995
020 ## - INTERNATIONAL STANDARD BOOK NUMBER
International Standard Book Number 9780874837995
020 ## - INTERNATIONAL STANDARD BOOK NUMBER
International Standard Book Number 0874837995
035 ## - SYSTEM CONTROL NUMBER
System control number 14162700
035 ## - SYSTEM CONTROL NUMBER
System control number (DLC)2005057022
035 ## - SYSTEM CONTROL NUMBER
System control number (DLC)309
040 ## - CATALOGING SOURCE
Original cataloging agency DLC
Transcribing agency DLC
Modifying agency DLC
Language of cataloging eng
050 00 - LIBRARY OF CONGRESS CALL NUMBER
Classification number PZ8.1.C5912
Item number How 2006
082 00 - DEWEY DECIMAL CLASSIFICATION NUMBER
Classification number 398.209597/04529756
-- E
Edition number 22
100 1# - MAIN ENTRY--PERSONAL NAME
Personal name Cleveland, Rob,
Dates associated with a name 1955-
245 10 - TITLE STATEMENT
Title How Tiger got his stripes :
Remainder of title a folktale from Vietnam /
Statement of responsibility, etc. as told by Rob Cleveland ; illustrated by Baird Hoffmire.
260 ## - PUBLICATION, DISTRIBUTION, ETC.
Place of publication, distribution, etc. Atlanta, Ga. :
Name of publisher, distributor, etc. August House Story Cove,
Date of publication, distribution, etc. 2006.
300 ## - PHYSICAL DESCRIPTION
Extent 32 pages :
Other physical details color illustrations ;
Dimensions 21 cm
505 ## - FORMATTED CONTENTS NOTE
Formatted contents note J<br/>
520 ## - SUMMARY, ETC.
Summary, etc. Hoping to acquire wisdom from man, Tiger ends up instead with stripes on his golden coat.
521 8# - TARGET AUDIENCE NOTE
Target audience note 460<br/>
Source Lexile<br/>
521 8# - TARGET AUDIENCE NOTE
Target audience note J<br/>
Source Raz-Plus<br/>
650 #1 - SUBJECT ADDED ENTRY--TOPICAL TERM
Topical term or geographic name entry element Folklore
Geographic subdivision Vietnam.
650 #1 - SUBJECT ADDED ENTRY--TOPICAL TERM
Topical term or geographic name entry element Tigers
Form subdivision Folklore.
650 #1 - SUBJECT ADDED ENTRY--TOPICAL TERM
Topical term or geographic name entry element Big cats
Form subdivision Folklore.
655 #7 - INDEX TERM--GENRE/FORM
Genre/form data or focus term Folk literature.
Source of term lcgft
Authority record control number or standard number https://id.loc.gov/authorities/genreForms/gf2014026342
700 1# - ADDED ENTRY--PERSONAL NAME
Personal name Hoffmire, Baird,
Dates associated with a name 1969-
Relator term illustrator
906 ## - LOCAL DATA ELEMENT F, LDF (RLIN)
a 7
b cbc
c orignew
d 1
e ocip
f 20
g y-gencatlg
942 ## - ADDED ENTRY ELEMENTS (KOHA)
Source of classification or shelving scheme Dewey Decimal Classification
Koha item type Books
Suppress in OPAC No
Holdings
Withdrawn status Lost status Source of classification or shelving scheme Damaged status Not for loan Collection Home library Current library Shelving location Date acquired Total Checkouts Full call number Barcode Date last seen Copy number Price effective from Koha item type
    Dewey Decimal Classification     Juvenile Fiction Footprints International School Library Network Toul Tom Poung Campus Footprints International School Library Network Toul Tom Poung Campus TTP Primary Dark Blue Bookshelves 11/18/2025   CLE 398.209597 PZ8.C5912 H FISTK02411 11/18/2025 1 11/18/2025 Books